Statistiken für Geographie nach Buchstabe - Q

Klicken Sie hier um das Quiz zu spielen!

Allgemein

  • Dieses Quiz wurde 1,280 mal gespielt
  • Das Durchschnittsergebnis liegt bei 7 aus 18

Antwortstatistiken

Hinweis Antwort % Korrekt
Französischsprechende
Provinz Kanadas
Québec
96%
Katar, für EnglischsprechendeQatar
95%
Staat AustraliensQueensland
84%
Ecuadors HauptstadtQuito
79%
Zweitüppigstes Mineral in der
Erdkruste, nach Feldspat
Quarz
68%
Religiöse Gruppe, die in
Pennsylvania gegründet wurde
Quäker
51%
Letzte chinesische DynastieQing
38%
Währung Guatemalas, benannt nach
einem grünen Vogel
Quetzal
27%
Stadt in Virginia, Heimat einer FBI-AkademieQuantico
24%
Bevölkerungsreichste Stadt in der Metro Manila{Quezon} City
21%
Stadt in der Bretagne. Hauptort
des Départements Finistère
Quimper
19%
Stadt in Massachusetts. Geburtsort zweier
Präsidenten namens Adams
Quincy
16%
Chinesische Bierbrauerstadt, einst
durch Deutschland kontrolliert
Qingdao
14%
3-Buchstaben-Stadt im IranQom
13%
Mexikanischer Staat an der Grenze zu Belize{Quintana} Roo
10%
Obstgartenstadt PakistansQuetta
9%
Größter Ort in Nordgrönland, früher
bekannt als Thule
Qaanaaq
6%
Stadt in Portugal nahe LissabonQueluz
5%

Verteilung der Resultate

Perzentil nach korrekt beantworteten Fragen

Anzahl Personen mit jedem Resultat

Ihre Resultats-Entwicklung

Sie haben dieses Quiz noch nicht gespielt